000 01913nam a2200289 i 4500
003 DO-SdBNP
005 20240819153949.0
007 ta
008 240819s2024 dr ado 000 j spa d
020 _a9789945919776
040 _aDO-SdBNP
_bspa
_cBNPHU
_erda
082 _222
_bS211c
100 1 _aSánchez Q., Ceinett D.
_eautora
_986354
245 1 0 _aComunicación estratégica :
_bpara la defensa y seguridad nacional /
_cCinett D. Sánchez Q.
264 1 _aSanto Domingo :
_bUNADE,
_c2024.
300 _a235 páginas,
_bilustraciones, gráficas, fotografías
_c26 cm.
336 _2rdacontent
_atexto
_btxt
337 _2rdamedia
_asin mediación
_bn
338 _2rdacarrier
_avolumen
_bnc
504 _aBibliografía p: 225-235.
520 _aLa siguiente obra, está sustentada en una investigación doctoral, que demuestra la incidencia de la Comunicación Estratégica (CE) en el alcance de los objetivos militares de las Fuerzas Armadas dominicanas, frente a la Pandemia causada por la expansión de la enfermedad COVID-19, durante el periodo marzo 2020-marzo 2022, acorde a las políticas públicas de defensa y seguridad nacional y el marco legal vigente en el país. El 90% de las personas consultadas en este estudio, reconoce su existencia, importancia e influencia en estrategias, planes, operaciones y tácticas informativas de las instituciones militares dominicanas, en especial durante situaciones de crisis. Ante la incertidumbre, la ansiedad y la necesidad de la población de estar bien informada, los contenidos difundidos en los medios de comunicación de las Fuerzas Armadas también en los entornos digitales, escalaron rápidamente en los escenarios locales e internacionales.
590 _aInventariado, 2024/ YL
650 4 _aTuberculosis
_xTratamiento
_979001
710 1 _aUniversidad Nacional para la Defensa (UNADE).
_986348
910 _aYLockward
942 _2ddc
_cLBS1
999 _c57480
_d57480